| 000 | 00968nam0a22002651 4500 | ||
|---|---|---|---|
| 001 | rc\2249338 | ||
| 005 | 20250623070204.0 | ||
| 035 | _a(NLR Aleph) 006652665 | ||
| 090 |
_a4810826 _c4810826 |
||
| 100 | _a20110829d1978 |||y0rusy50 ca | ||
| 101 | 0 | _arus | |
| 102 | _aRU | ||
| 105 | _ay z ||||| | ||
| 200 | 1 | _aОбразование монтмориллонита в процессе содового засоления почв Дунайской долины в Венгрии | |
| 210 |
_aПущино _cНЦБИ АН СССР _d1978 |
||
| 215 |
_a29 с. _cграф. _d21 |
||
| 225 | 1 |
_aПрепринт _fНауч. центр биол. исслед. АН СССР, Ин-т агрохимии и почвоведения |
|
| 320 | _aБиблиогр.: с. 27-29 | ||
| 700 | 1 |
_aГереи _bЛ. _gЛасло |
|
| 801 | 0 |
_aRU _bNLR _gpsbo |
|
| 801 | 1 |
_aRU _bELAR _2rusmarc |
|
| 852 |
_aNLR _j78-6/6866 |
||
| 899 |
_aRuMoRGB _jБ 78-56/2367 |
||
| 942 | _cBOOK | ||
| 980 | _aNB | ||